A comprehensive introduction to differential geometry /

Guardado en:
Autor Principal: Spivak, Michael.
Formato: Libro
Idioma:English
Publicado: Boston : Publish or Perish, 1970-75.
Etiquetas: Agregar Etiqueta
Sin Etiquetas, Sea el primero en etiquetar este registro!
LEADER 00885nam a22002415a 4500
001 MAT.inmabb002314
008 750729m19701975maua##########001#0#eng#d
005 20130322164232.0
245 1 2 |a A comprehensive introduction to differential geometry /  |c Michael Spivak. 
260 |a Boston :  |b Publish or Perish,  |c 1970-75. 
300 |a 5 v. :  |b il. ;  |c 28 cm. 
510 4 |a MR,  |c 42 #2369  |3 (v. 1) 
510 4 |a MR,  |c 42 #6726  |3 (v. 2) 
510 4 |a MR,  |c 51 #8962  |3 (v. 3) 
510 4 |a MR,  |c 52 #15254a, 52 #15254b  |3 (v. 4-5) 
500 |a La biblioteca posee los vols. 1 y 2. Para los vols. 3, 4, 5 consulte la 2.ª ed.  |5 AR-BbIMB. 
020 |a 0914098004 (v. 2) 
100 1 |a Spivak, Michael. 
246 3 8 |a Differential geometry 
084 |a 53-01  |2 msc2000 
010 |a  73076372  
859 |h 53  |i Sp761  |p A-3985  |v 1  |3 Vol. I  |b BIB. MATEMATICA 
859 |h 53  |i Sp761  |p A-3986  |v 2  |3 Vol. II  |b BIB. MATEMATICA